Sports Quiz

Random Sports or Soccer Quiz

A-League Marquee Players Quiz Stats

 Plays Quiz not verified by Sporcle

Challenge
Share
Tweet
Embed
Score 0/64 Timer 10:00
0 Plays Today
Club Marquee Player % Correct
Melbourne VictoryBesart Berisha
80.8%
Sydney FCAlessandro Del Piero
77%
Western Sydney WanderersShinji Ono
73%
Melbourne VictoryHarry Kewell
69.5%
Brisbane RoarThomas Broich
69%
Melbourne VictoryArchie Thompson
65.3%
Sydney FCDwight Yorke
64.4%
Perth GloryRobbie Fowler
63.6%
North Queensland FuryRobbie Fowler
63.6%
Newcastle JetsEmile Heskey
62%
Gold Coast UnitedShane Smeltz
59.3%
Perth GloryShane Smeltz
59.3%
Sydney FCJohn Aloisi
56.8%
Gold Coast UnitedJason Culina
50%
Newcastle JetsJason Culina
50%
Sydney FCBrett Emerton
49.2%
Melbourne CityAaron Mooy
46.5%
Melbourne VictoryMark Milligan
43.6%
Perth GloryDiego Castro
40.8%
Sydney FCAlex Brosque
38%
Melbourne HeartFred
36.4%
Adelaide UnitedMarcelo Carrusca
35.9%
Brisbane RoarMatt McKay
35.8%
Adelaide UnitedSergio van Dijk
34.7%
Melbourne CityRobert Koren
34.6%
Sydney FCMarc Janko
34.6%
Sydney FCNick Carle
33.9%
Sydney FCJuninho
33.1%
Melbourne VictoryMarcos Flores
33%
Sydney FCFilip Holosko
32.4%
Wellington PhoenixPaul Ifill
32.2%
Adelaide UnitedEugene Galekovic
30.8%
Club Marquee Player % Correct
Adelaide UnitedDario Vidosic
29.7%
Melbourne VictoryOliver Bozanic
28.2%
Melbourne HeartOrlando Engelaar
27.4%
Perth GloryWilliam Gallas
26.6%
Melbourne HeartDavid Williams
25.4%
Brisbane RoarCraig Moore
24.6%
Melbourne CityJosh Kennedy
24.4%
Western Sydney WanderersDario Vidosic
23.9%
Perth GloryMile Sterjovski
21.2%
Melbourne VictoryPablo Contreras
20%
Newcastle JetsMario Jardel
19.5%
Adelaide UnitedShengqing Qu
18.6%
Melbourne VictoryRicardinho
18.6%
Melbourne HeartGerald Sibon
18.3%
Central Coast MarinersTony Vidmar
17.8%
Melbourne HeartJosip Skoko
16.9%
Perth GloryBrian Deane
16.9%
Wellington PhoenixJade North
16.9%
Western Sydney WanderersFederico Piovaccari
16.9%
Perth GloryMichael Thwaite
15.4%
Western Sydney WanderersMatthew Spiranovic
15.4%
Newcastle JetsNed Zelic
15.3%
Perth GloryStan Lazaridis
14.4%
Newcastle JetsEdmundo Zura
13.6%
Adelaide UnitedPaul Agostino
12.7%
Wellington PhoenixAhmad Elrich
12.7%
Perth GloryNebojsa Marinkovic
11.5%
New Zealand KnightsScotland 'Scot' Gemmill
11%
Newcastle JetsPaul Okon
11%
Gold Coast UnitedMaceo Rigters
10.2%
Wellington PhoenixJon McKain
8.5%
Newcastle JetsFabio Vignaroli
7.6%

You're not logged in!

Compare scores with friends on all Sporcle quizzes.
OR
Log In

You Might Also Like...

Show Comments

Extras

Top Quizzes Today


Score Distribution

Your Account Isn't Verified!

In order to create a playlist on Sporcle, you need to verify the email address you used during registration. Go to your Sporcle Settings to finish the process.

Report this User

Report this user for behavior that violates our Community Guidelines.

Details: